謝謝你離開我 : 張小嫻散文精選
| 資料類型: | 圖書 | 書目號: | 45045 |
Leader xxxxxxxxxx 001 __ PCLIS00045045 005 __ 20211223101308.0 010 0_ |a978-957-33-2886-5|b平裝|dNT$260 100 __ |a20121121d2012 m y0chiy09 e 101 0_ |achi 102 __ |atw 105 __ |aa z 000cy 200 1_ |a謝謝你離開我|e張小嫻散文精選|f張小嫻著 205 __ |a初版 210 __ |a臺北市|c皇冠文化|d2012[民101] 215 0_ |a207面|c彩圖|d21公分 225 2_ |a皇冠叢書|v第4204種 225 2_ |a張小嫻愛情王國|v1 300 __ |a本館最新館藏為2013年13刷 410 _0 |12001 |a皇冠叢書|v第4204種 410 _0 |12001 |a張小嫻愛情王國|v1 517 _1 |a張小嫻散文精選|zchi 681 __ |a855|b8749 700 _1 |a張|b小嫻|4著 801 _0 |atw|b內湖高中|c20121121|gCCR |